LEADER 02121nam 2200613Ia 450 001 9910451819603321 005 20200520144314.0 010 $a0-7914-8271-5 010 $a1-4237-4927-8 035 $a(CKB)1000000000459466 035 $a(OCoLC)461441745 035 $a(CaPaEBR)ebrary10579265 035 $a(SSID)ssj0000207324 035 $a(PQKBManifestationID)11184682 035 $a(PQKBTitleCode)TC0000207324 035 $a(PQKBWorkID)10236946 035 $a(PQKB)10512413 035 $a(MiAaPQ)EBC3407842 035 $a(MdBmJHUP)muse6331 035 $a(Au-PeEL)EBL3407842 035 $a(CaPaEBR)ebr10579265 035 $a(OCoLC)923408005 035 $a(EXLCZ)991000000000459466 100 $a20041214d2005 uy 0 101 0 $aeng 135 $aurcn||||||||| 181 $ctxt 182 $cc 183 $acr 200 10$aMy beloved Toto$b[electronic resource] $eletters from Juliette Drouet to Victor Hugo, 1833-1882 /$fJuliette Drouet ; translated and with an introduction, additional notes, and glossary by Victoria Tietze Larson ; French edition edited and annotated by Evelyn Blewer ; with a preface by Jean Gaudon 210 $aAlbany $cState University of New York Press$d2005 215 $a1 online resource (262 p.) 225 1 $aSUNY series, women writers in translation 300 $aBibliographic Level Mode of Issuance: Monograph 311 $a0-7914-6571-3 320 $aIncludes bibliographical references (p. 233-236) and index. 410 0$aSUNY series, women writers in translation. 606 $aAuthors, French$y19th century$vCorrespondence 606 $aActors$zFrance$vCorrespondence 608 $aElectronic books. 615 0$aAuthors, French 615 0$aActors 676 $a848/.709 676 $aB 700 $aDrouet$b Juliette$f1806-1883.$0188698 701 $aTietze Larson$b Victoria$f1954-$01048100 701 $aBlewer$b Evelyn$0175105 801 0$bMiAaPQ 801 1$bMiAaPQ 801 2$bMiAaPQ 906 $aBOOK 912 $a9910451819603321 996 $aMy beloved Toto$92476117 997 $aUNINA LEADER 01863oam 2200505M 450 001 9910716131603321 005 20200213070931.8 035 $a(CKB)5470000002518801 035 $a(OCoLC)1065613892 035 $a(OCoLC)995470000002518801 035 $a(EXLCZ)995470000002518801 100 $a20071213d1926 ua 0 101 0 $aeng 135 $aurcn||||||||| 181 $ctxt$2rdacontent 182 $cc$2rdamedia 183 $acr$2rdacarrier 200 10$aBridge across the Black River near Poplar Bluff, Mo. March 6 (calendar day, March 8), 1926. -- Ordered to be printed 210 1$a[Washington, D.C.] :$c[U.S. Government Printing Office],$d1926. 215 $a1 online resource (2 pages) 225 1 $aSenate report / 69th Congress, 1st session. Senate ;$vno. 284 225 1 $a[United States congressional serial set ] ;$v[serial no. 8524] 300 $aBatch processed record: Metadata reviewed, not verified. Some fields updated by batch processes. 300 $aFDLP item number not assigned. 517 $aBridge across the Black River near Poplar Bluff, Mo. March 6 606 $aBridge construction industry 606 $aBridges$xDesign and construction 606 $aBridges 606 $aLegislative amendments 608 $aLegislative materials.$2lcgft 615 0$aBridge construction industry. 615 0$aBridges$xDesign and construction. 615 0$aBridges. 615 0$aLegislative amendments. 701 $aBingham$b Hiram$f1875-1956$pRepublican (CT)$0463205 801 0$bWYU 801 1$bWYU 801 2$bOCLCO 801 2$bOCLCQ 801 2$bOCLCO 801 2$bOCLCQ 906 $aBOOK 912 $a9910716131603321 996 $aBridge across the Black River near Poplar Bluff, Mo. March 6 (calendar day, March 8), 1926. -- Ordered to be printed$93492765 997 $aUNINA